| 000 | 00383 a2200109 4500 | ||
|---|---|---|---|
| 001 | ART_39577 | ||
| 005 | 20260410162012.0 | ||
| 008 | 260409a | ||
| 245 | 1 | 0 | _aReformas de segunda generación |
| 100 | 1 | _aSaidón, Mariana | |
| 773 | 0 |
_tDocumentos del CIECE _gEnsayos sobre investigación del comportamiento de las organizaciones - Nº 5 (jul./dic. 2008) _wREV39541 |
|
| 999 |
_c32277 _d32277 |
||